[Event "EU-ch Amateur U1700"]
[Site "Zagreb"]
[Date "2022.08.21"]
[Round "9"]
[White "Dakic, Luka"]
[Black "Mirza, Gabriel"]
[Result "0-1"]
[WhiteElo "1116"]
[BlackElo "1570"]
[PlyCount "76"]
[EventDate "2022.08.14"]
[EventType "swiss"]
[EventRounds "9"]
[EventCountry "CRO"]
[SourceTitle "CBM 210 Extra"]
[Source "ChessBase"]
[SourceDate "2022.11.30"]
[SourceVersion "1"]
[SourceVersionDate "2022.11.30"]
[SourceQuality "1"]

1. e4 Nc6 2. Nf3 d6 3. d4 g6 4. Nc3 Bg7 5. Be3 Nf6 6. h3 0-0 7. Qd2 e5 8. d5 Ne7 9. 0-0-0 Ne8 10. Bh6 f5 11. h4 f4 12. Bg5 h6 13. Bxe7 Qxe7 14. Ne1 Bf6 15. h5 g5 16. f3 Kh7 17. g4 fxg3 18. Qg2 Qf7 19. Qxg3 Bd8 20. Nd3 Qxf3 21. Qxf3 Rxf3 22. Be2 Rf6 23. Rhf1 Bd7 24. a4 a6 25. b4 Kg7 26. Kb2 Be7 27. Kb3 Rxf1 28. Rxf1 Nf6 29. b5 axb5 30. axb5 Be8 31. Rh1 Bf7 32. Nf2 c6 33. Kb4 Be8 34. bxc6 bxc6 35. dxc6 Bxc6 36. Bc4 Rb8+ 37. Ka5 Bd8+ 38. Ka6 Ra8# 0-1

[Event "Wch Seniors 50 29th"]
[Site "Bucharest"]
[Date "2019.11.12"]
[Round "1"]
[White "Haessel, Dale R"]
[Black "Mirza, Gabriel"]
[Result "1-0"]
[WhiteElo "2128"]
[BlackElo "1616"]
[PlyCount "65"]
[EventDate "2019.11.12"]
[EventType "swiss"]
[EventRounds "11"]
[EventCountry "ROU"]
[SourceTitle "CBM 193 Extra"]
[Source "ChessBase"]
[SourceDate "2020.01.31"]
[SourceVersion "1"]
[SourceVersionDate "2020.01.31"]
[SourceQuality "1"]

1. d4 d6 2. Nf3 Nf6 3. c4 g6 4. Nc3 Bg7 5. e4 0-0 6. Be2 c6 7. 0-0 Nbd7 8. e5 dxe5 9. dxe5 Ng4 10. e6 Nde5 11. Nxe5 Nxe5 12. f4 Qb6+ 13. Kh1 Bxe6 14. fxe5 Bxe5 15. Qc2 Qc7 16. h3 Kg7 17. Be3 f5 18. Rad1 Bg3 19. Bd4+ Kg8 20. Bd3 Bf7 21. Ne2 Bh4 22. Qc3 c5 23. Bh8 Bf6 24. Bxf6 exf6 25. Qxf6 Bd5 26. Qc3 Bc6 27. Nf4 Rae8 28. Nd5 Qg3 29. Rde1 Rxe1 30. Rxe1 f4 31. Re7 Rf7 32. Rxf7 Kxf7 33. Qf6+ 1-0

[Event "EU-Cup 31st"]
[Site "Skopje"]
[Date "2015.10.21"]
[Round "4.5"]
[White "Mirza, Gabriel"]
[Black "Gokerkan, Cem Kaan"]
[Result "0-1"]
[WhiteElo "1801"]
[BlackElo "2237"]
[PlyCount "87"]
[EventDate "2015.10.18"]
[EventType "team-swiss"]
[EventRounds "7"]
[EventCountry "MKD"]
[SourceTitle "CBM 169"]
[Source "ChessBase"]
[SourceDate "2015.11.10"]
[SourceVersion "1"]
[SourceVersionDate "2015.11.10"]
[SourceQuality "1"]
[WhiteTeam "Adare"]
[BlackTeam "Basiktas"]
[WhiteTeamCountry "IRL"]
[BlackTeamCountry "TUR"]

1. d4 Nf6 2. c4 g6 3. Nc3 Bg7 4. e4 d6 5. Nf3 0-0 6. h3 e5 7. dxe5 dxe5 8. Qxd8 Rxd8 9. Nd5 Nxd5 10. cxd5 c6 11. Bc4 b5 12. Bb3 Bb7 13. Bg5 Rd7 14. 0-0-0 c5 15. Kb1 c4 16. Bc2 a5 17. Nd2 a4 18. h4 Na6 19. h5 h6 20. Be3 g5 21. g4 Bf8 22. Rh3 Rc8 23. Nf3 f6 24. Bd2 Ra8 25. Ng1 Bc8 26. Ne2 Nc5 27. Rg1 Rb7 28. Rf3 Ra6 29. a3 Nb3 30. Bxb3 axb3 31. Rgg3 Bd7 32. Kc1 Kg7 33. Bc3 b4 34. Bxb4 Rxb4 35. axb4 Ra1+ 36. Kd2 Bxb4+ 37. Nc3 Rb1 38. Ke2 Rxb2+ 39. Kf1 Rc2 40. Nd1 Rc1 41. Ke2 Ba4 42. Rc3 Bxc3 43. Nxc3 b2 44. Nxa4 0-1

[Event "BCF-chT3 1415 (4NCL)"]
[Site "England"]
[Date "2015.03.21"]
[Round "7.62"]
[White "Whitehead, Mark A"]
[Black "Mirza, Gabriel"]
[Result "1/2-1/2"]
[WhiteElo "2005"]
[BlackElo "1772"]
[PlyCount "116"]
[EventDate "2015.03.21"]
[EventType "team-swiss"]
[EventRounds "11"]
[EventCountry "ENG"]
[SourceTitle "EXT 2016"]
[Source "ChessBase"]
[SourceDate "2015.10.08"]
[SourceVersion "1"]
[SourceVersionDate "2015.10.08"]
[SourceQuality "1"]
[WhiteTeam "Manchester Manticores III"]
[BlackTeam "Midland Monarchs II"]
[WhiteTeamCountry "ENG"]
[BlackTeamCountry "ENG"]

1. e4 Nc6 2. Nc3 d6 3. g3 Nf6 4. Bg2 Bg4 5. f3 Bh5 6. Nh3 e5 7. 0-0 h6 8. d3 g5 9. Nf2 Nd4 10. Nd5 c6 11. Ne3 Bg6 12. c3 Ne6 13. Bh3 Be7 14. Bf5 Nh5 15. Nfg4 Qb6 16. Kh1 Nhg7 17. b4 h5 18. Nc4 Qc7 19. Nge3 b5 20. Na5 Bxf5 21. exf5 Nd8 22. d4 d5 23. a4 bxa4 24. Qxa4 exd4 25. Nxd5 Qd6 26. Nxe7 Kxe7 27. Bxg5+ f6 28. Bf4 Qd7 29. Rae1+ Kf7 30. Qa2+ Kf8 31. Nc4 Nxf5 32. Nb6 axb6 33. Qxa8 Kg7 34. Qa2 dxc3 35. Rd1 Qb7 36. Qc4 Nf7 37. Qxc3 Ne7 38. Qb3 Nd5 39. b5 Nxf4 40. bxc6 Qxc6 41. gxf4 Nh6 42. Qd5 Qxd5 43. Rxd5 Nf7 44. Rb1 Rb8 45. Rxh5 Nd6 46. f5 Nf7 47. Rh4 b5 48. Rd4 Rb7 49. Kg2 Kf8 50. Kf2 Nh6 51. Rd5 b4 52. Ke2 Nf7 53. f4 Rb6 54. Rb3 Nd6 55. Kd3 Ke7 56. Kd4 Kd7 57. Kd3 Kc6 58. Ra5 Nb7 1/2-1/2

[Event "BCF-chT3S 1314 (4NCL)"]
[Site "England"]
[Date "2014.02.15"]
[Round "5.179"]
[White "Mirza, Gabriel"]
[Black "Taylor, Robert P"]
[Result "1/2-1/2"]
[WhiteElo "1744"]
[BlackElo "1902"]
[PlyCount "46"]
[EventDate "2013.11.16"]
[EventType "team-swiss"]
[EventRounds "6"]
[EventCountry "ENG"]
[SourceTitle "EXT 2015"]
[Source "ChessBase"]
[SourceDate "2014.11.20"]
[SourceVersion "1"]
[SourceVersionDate "2014.11.20"]
[SourceQuality "1"]
[WhiteTeam "Midland Monarchs"]
[BlackTeam "Ashfield Breadsall"]
[WhiteTeamCountry "ENG"]
[BlackTeamCountry "ENG"]

1. Nc3 d5 2. e4 d4 3. Nce2 e5 4. Nf3 Nc6 5. Ng3 a6 6. Bc4 h6 7. Bd5 Bd6 8. a3 Nge7 9. Ba2 Bd7 10. d3 Qc8 11. 0-0 Be6 12. Bxe6 Qxe6 13. Nh4 g5 14. Nhf5 Nxf5 15. Nxf5 Qg6 16. Qg4 Ne7 17. Ng3 Ng8 18. Bd2 Nf6 19. Qf5 Nh5 20. Nxh5 Qxh5 21. Rfd1 Rg8 22. Rac1 Qg6 23. Qxg6 Rxg6 1/2-1/2

[Event "BCF-chT3S 1314 (4NCL)"]
[Site "England"]
[Date "2013.11.16"]
[Round "1.218"]
[White "Davison, Chris"]
[Black "Mirza, Gabriel"]
[Result "1-0"]
[WhiteElo "1927"]
[BlackElo "1750"]
[PlyCount "77"]
[EventDate "2013.11.16"]
[EventType "team-swiss"]
[EventRounds "6"]
[EventCountry "ENG"]
[SourceTitle "CBM 157 Extra"]
[Source "ChessBase"]
[SourceDate "2013.12.19"]
[SourceVersion "1"]
[SourceVersionDate "2013.12.19"]
[SourceQuality "1"]
[WhiteTeam "Iceni"]
[BlackTeam "Midland Monarchs"]
[WhiteTeamCountry "ENG"]
[BlackTeamCountry "ENG"]

1. e4 Nc6 2. d4 e5 3. Nf3 exd4 4. Nxd4 Qf6 5. Be3 Bc5 6. c3 a6 7. Nc2 Qe7 8. Nd2 Nf6 9. Bxc5 Qxc5 10. Ne3 h5 11. h3 b5 12. a4 Bb7 13. Nb3 Qe5 14. Bd3 d6 15. axb5 axb5 16. Rxa8+ Bxa8 17. 0-0 g5 18. Qe2 0-0 19. Nd2 b4 20. Nf3 Qc5 21. Nf5 Nh7 22. N3d4 Nf6 23. Qd2 Nh7 24. Rc1 Qe5 25. Nf3 Qf6 26. cxb4 g4 27. hxg4 hxg4 28. Nh2 Ne5 29. Bb1 Ng5 30. Qf4 Nef3+ 31. Nxf3 gxf3 32. Qg3 Re8 33. Rxc7 Rd8 34. Qh4 Bxe4 35. Bxe4 Nxe4 36. Nh6+ Kh8 37. Nxf7+ Kg8 38. Qxf6 Nxf6 39. Nxd8 1-0

[Event "SCO-ch 119th"]
[Site "Glasgow"]
[Date "2012.07.14"]
[Round "8"]
[White "Mirza, Gabriel"]
[Black "Giulian Jackson, Rosemary"]
[Result "1-0"]
[WhiteElo "1772"]
[BlackElo "1918"]
[PlyCount "96"]
[EventDate "2012.07.07"]
[EventType "swiss"]
[EventRounds "9"]
[EventCountry "SCO"]
[SourceTitle "EXT 2023"]
[Source "ChessBase"]
[SourceDate "2022.10.05"]
[SourceVersion "1"]
[SourceVersionDate "2022.10.05"]
[SourceQuality "1"]

1. Nf3 e6 2. c4 Nf6 3. g3 b6 4. Bg2 Bb7 5. 0-0 g6 6. b3 Bg7 7. Bb2 0-0 8. d3 d5 9. cxd5 exd5 10. Nc3 Qe7 11. a3 Nbd7 12. Re1 Rfd8 13. Ra2 Nf8 14. e3 Ne6 15. Ne2 Nd7 16. Bxg7 Kxg7 17. d4 Ng5 18. b4 Nxf3+ 19. Bxf3 Nf8 20. Nc1 a5 21. b5 Qd6 22. Nd3 Ne6 23. h4 h6 24. Qc2 Re8 25. Ne5 Rad8 26. Rc1 Re7 27. Qd3 Nc5 28. Qd1 Ne4 29. Nc6 Bxc6 30. Rxc6 Qd7 31. Bg4 f5 32. Bh3 Re6 33. Rac2 Rxc6 34. Rxc6 Qf7 35. Qc2 Rd7 36. Kh2 Nd6 37. a4 Re7 38. Bg2 Nc4 39. Qd3 Rd7 40. h5 Rd6 41. hxg6 Rxg6 42. Bxd5 Qxd5 43. Rxc7+ Kh8 44. Qxc4 Qf3 45. Rc8+ Kh7 46. Qc7+ Rg7 47. Qf4 Qh5+ 48. Kg2 Qf7 1-0

[Event "SCO-ch 119th"]
[Site "Glasgow"]
[Date "2012.07.09"]
[Round "3"]
[White "Kleboe, James PR"]
[Black "Mirza, Gabriel"]
[Result "1-0"]
[WhiteElo "1866"]
[BlackElo "1772"]
[PlyCount "125"]
[EventDate "2012.07.07"]
[EventType "swiss"]
[EventRounds "9"]
[EventCountry "SCO"]
[SourceTitle "CBM 149 Extra"]
[Source "ChessBase"]
[SourceDate "2012.08.24"]
[SourceVersion "1"]
[SourceVersionDate "2012.08.24"]
[SourceQuality "1"]

1. e4 Nc6 2. d4 e5 3. d5 Nce7 4. c4 Ng6 5. Nc3 Bc5 6. Nf3 N8e7 7. a3 d6 8. b4 Bb6 9. Na4 0-0 10. Nxb6 axb6 11. h4 Bg4 12. h5 Nh8 13. Be2 Bxf3 14. Bxf3 f5 15. Bg5 Qd7 16. Bxe7 Qxe7 17. Qd3 Qg5 18. Rh3 f4 19. Qe2 Nf7 20. Bg4 Kh8 21. Rc3 Nd8 22. b5 Rf6 23. a4 Nf7 24. a5 Nh6 25. Bf3 bxa5 26. b6 cxb6 27. Rb3 Qh4 28. Kd2 Rff8 29. Rxb6 Qe7 30. Qd1 Qc7 31. Qb3 Rfb8 32. Rb1 Ra7 33. Be2 Nf7 34. Qb5 Nh6 35. Rc6 Qd7 36. Qb6 Ra6 37. Qxa6 bxa6 38. Rxb8+ Ng8 39. Rcc8 Qf7 40. Rxg8+ Qxg8 41. Rxg8+ Kxg8 42. c5 dxc5 43. Kc3 Kf7 44. Kc4 a4 45. Kxc5 a3 46. Bc4 Ke7 47. Kc6 Kd8 48. Kd6 g5 49. Kxe5 h6 50. Kf6 Kd7 51. e5 a5 52. Kf7 g4 53. e6+ Kd6 54. e7 Kc5 55. Ba2 f3 56. gxf3 Kd4 57. e8Q Kc3 58. Qe2 a4 59. d6 Kb4 60. Qc4+ Ka5 61. Qc5+ Ka6 62. Bc4+ Kb7 63. Qc7+ 1-0

[Event "EU-Cup 27th"]
[Site "Rogaska Slatina"]
[Date "2011.09.26"]
[Round "2"]
[White "Brechin, Hugh R"]
[Black "Mirza, Gabriel"]
[Result "1/2-1/2"]
[WhiteElo "2009"]
[BlackElo "1778"]
[PlyCount "126"]
[EventDate "2011.09.25"]
[EventType "team-swiss"]
[EventRounds "7"]
[EventCountry "SLO"]
[SourceTitle "CBM 145"]
[Source "ChessBase"]
[SourceDate "2011.11.11"]
[SourceVersion "1"]
[SourceVersionDate "2011.11.11"]
[SourceQuality "1"]
[WhiteTeam "Edinburgh"]
[BlackTeam "Adare"]
[WhiteTeamCountry "SCO"]
[BlackTeamCountry "IRL"]

1. d4 Nf6 2. Bf4 c5 3. e3 Qb6 4. Nc3 d6 5. Rb1 g6 6. Nf3 Bg7 7. h3 cxd4 8. exd4 0-0 9. Be2 Nc6 10. 0-0 Qa5 11. d5 Nb4 12. Bc4 Bd7 13. a3 Na6 14. Qe2 Rfe8 15. Bd2 Nb8 16. Rfe1 a6 17. Ne4 Qc7 18. Nxf6+ Bxf6 19. Bh6 b5 20. Bb3 a5 21. c4 a4 22. Ba2 Qa5 23. Bd2 Qb6 24. Be3 Qa5 25. Bd2 Qb6 26. Be3 Qa5 27. c5 Bf5 28. Rbc1 Na6 29. c6 b4 30. Bc4 Nc7 31. Red1 b3 32. Nd4 Be4 33. Nb5 Bc2 34. Rd4 Nxb5 35. Bxb5 Bxd4 36. Bxd4 e5 37. Bc3 Qc7 38. Bb4 f5 39. Bc4 Rad8 40. Qd2 Qg7 41. Ba5 Ra8 42. c7 Re7 43. Qb4 Rxc7 44. Bxc7 Qxc7 45. Re1 f4 46. Rxe5 Bd3 47. Bxd3 dxe5 48. d6 Qa7 49. Qb5 Qa5 50. Qd7 Qd5 51. Be4 Qxe4 52. Qe6+ Kg7 53. Qe7+ Kg8 54. Qe6+ Kg7 55. Qe7+ Kh6 56. Qh4+ Kg7 57. Qe7+ Kh8 58. Qf6+ Kg8 59. Qe6+ Kf8 60. Qf6+ Kg8 61. Qe6+ Kf8 62. Qf6+ Kg8 63. Qe6+ Kg7 1/2-1/2